Cambiamenti territoriali della Prima Guerra Mondiale - Statistics

Statistiche generali
  • Questo quiz è stato fatto 278 volte
  • Il punteggio medio è 22 su 31
Statistiche sulle risposte
Indizio Risposta % Corretto
Ha ottenuto la Venezia Giulia, l'Alto Adige, Zara e altri piccoli territori Italia
97%
Ha ottenuto terre in Europa, Africa, e Medio Oriente Francia
96%
Ha perso terre in Europa, Africa, Asia e Oceania Germania
94%
Si è reso indipendente Austria
92%
Si è dissolto Austria-Ungheria
92%
Ha perso terre in Europa orientale Russia
89%
Ha ottenuto terre in Africa e Medio Oriente / Ha perso terre in Europa Regno Unito
88%
Si è dissolto Impero Ottomano
87%
Ha ottenuto alcune isole sparse nel Pacifico Giappone
82%
Si è reso indipendente Polonia
82%
Si è reso indipendente Ungheria
82%
Ha ottenuto la Tracia occidentale Grecia
80%
Si è reso indipendente Turchia
78%
Ha perso terre nei Balcani Bulgaria
77%
Ha ottenuto terre in Europa orientale Romania
77%
Ha ottenuto terre in Africa e Europa Belgio
75%
Si è fuso con altri stati Serbia
73%
Ha ottenuto lo Schleswig settentrionale Danimarca
72%
Ha ottenuto la Nuova Guinea orientale e altre isole pacifiche Australia
69%
Ha perso terre sulla costa pacifica Cina
68%
Si è reso indipendente Cecoslovacchia
66%
Si è reso indipendente Finlandia
62%
Si è reso indipendente Estonia
60%
Si è reso indipendente Lettonia
60%
Si è reso indipendente Lituania
60%
Si è reso indipendente Jugoslavia
55%
Ha ottenuto parti di Samoa Nuova Zelanda
46%
Si è fuso con altri stati Montenegro
45%
Si è reso indipendente Irlanda, Stato Libero d'
42%
Ha ottenuto terre in Africa Sudafrica
26%
Si è reso indipendente Danzica
13%
Nessun quiz corrispondente trovato
Distribuzione punteggi
Percentuale di utenti per punteggio
Percentile per numero di risposta
I tuoi punteggi nel tempo
Non hai fatto questo quiz